Normal view
MARC view
- Yung, Po-Lam.
Entry Personal Name
001 - CONTROL NUMBER
- control field: 47851
003 - CONTROL NUMBER IDENTIFIER
- control field: OSt
005 - DATE AND TIME OF LATEST TRANSACTION
- control field: 20230207151236.0
008 - FIXED-LENGTH DATA ELEMENTS
- fixed length control field: 230207|| aca||aabn | a|a d
040 ## - CATALOGING SOURCE
- Original cataloging agency: OSt
- Transcribing agency: OSt
100 ## - HEADING--PERSONAL NAME
- Personal name: Yung, Po-Lam.
- Relator term: author,
670 ## - SOURCE DATA FOUND
- Source citation: Work cat.: (OSt): Guo, Shaoming. author. 47846, A short proof of l² decoupling for the moment curve /, December 2021.
